[Event "FRA-chT2O 0203"]
[Site "France"]
[Date "2003.02.02"]
[Round "7.8"]
[White "Hoog, Boris"]
[Black "Graievsky, Leonardo"]
[Result "0-1"]
[WhiteElo "1950"]
[BlackElo "2100"]
[PlyCount "67"]
[EventDate "2002.10.??"]
[EventType "team"]
[EventRounds "11"]
[EventCountry "FRA"]
[SourceTitle "EXT 2004"]
[Source "ChessBase"]
[SourceDate "2003.11.25"]
[SourceVersion "1"]
[SourceVersionDate "2003.11.25"]
[SourceQuality "1"]
[WhiteTeam "Nancy II"]
[BlackTeam "Vincennes"]
[WhiteTeamCountry "FRA"]
[BlackTeamCountry "FRA"]

1. e4 Nc6 2. d4 e5 3. dxe5 Nxe5 4. f4 Nc6 5. Nf3 g6 6. Bc4 Bg7 7. 0-0 Qe7 8. Kh1 Qc5 9. Qd3 Nge7 10. Ng5 d5 11. Bb3 0-0 12. exd5 Nb4 13. Qe2 Nexd5 14. c3 Nc6 15. Ne4 Qa5 16. c4 Nd4 17. Qd1 Ne7 18. Bd2 Qf5 19. Ng3 Qd3 20. Ba4 Nef5 21. Nxf5 Bxf5 22. Na3 Rad8 23. Bb4 Qe3 24. Bxf8 Kxf8 25. Nb5 Qe7 26. Nc3 c6 27. Re1 Qh4 28. Qc1 Bg4 29. Bc2 Nf3 30. gxf3 Bxf3+ 31. Kg1 Bd4+ 32. Re3 Re8 33. Ne4 Qh3 34. Kf2 0-1